000 00417nam a2200157Ia 4500
008 240729s9999 xx 000 0 und d
022 _a2791-7940
245 0 _aMediterranean Nursing and Midwifery
260 _aTürkiye
260 _bGalenos Publishing House
650 _a Nursing
650 _aMedicine
856 _uhttps://doaj.org/toc/7d750ac8346349eca69aa8ae70288050
942 _2ddc
942 _cDOAJEJ
999 _c72259
_d72259
945 _a1
_bMadushi Gamage
_c1
_dMadushi Gamage